Logo CIB grande

ELABORACIÓN DE PRODUCTOS CÁRNICOS (Registro nro. 195650)

Detalles MARC
000 -LEADER
campo de control de longitud fija 00977nam a2200277Ia 4500
003 - IDENTIFICADOR DE NÚMERO DE CONTROL
campo de control EC-GqESP
005 - FECHA Y HORA DE LA ÚLTIMA TRANSACCIÓN
campo de control 20251031150751.0
008 - DATOS DE LONGITUD FIJA--INFORMACIÓN GENERAL
campo de control de longitud fija 250425s9999 xx 000 0 und d
010 ## - NÚMERO DE CONTROL DE LA BIBLIOTECA DEL CONGRESO
Número de control de LC 4687
020 ## - NÚMERO INTERNACIONAL ESTÁNDAR DEL LIBRO
Número Internacional Estándar del Libro 9682436893
041 ## - CÓDIGO DE IDIOMA
Código de lengua del texto/banda sonora o título independiente spa
082 ## - NÚMERO DE LA CLASIFICACIÓN DECIMAL DEWEY
Número de clasificación 631
Iniciales del Autor DIR
100 ## - ENTRADA PRINCIPAL--NOMBRE DE PERSONA
Nombre de persona PALTRINIERI, GAETANO
245 #0 - MENCIÓN DEL TÍTULO
Título ELABORACIÓN DE PRODUCTOS CÁRNICOS
250 ## - MENCION DE EDICION
Mención de edición 2A ED. ; 4A REIMP.
260 ## - PUBLICACIÓN, DISTRIBUCIÓN, ETC.
Lugar de publicación, distribución, etc. MEXICO
260 ## - PUBLICACIÓN, DISTRIBUCIÓN, ETC.
Lugar de publicación, distribución, etc. México
Nombre del editor, distribuidor, etc. TRILLAS : SEP
Fecha de publicación, distribución, etc. 1997
300 ## - DESCRIPCIÓN FÍSICA
Extensión 116
500 ## - NOTA GENERAL
Nota general MANUALES PARA EDUCACIÓN AGROPECUARIA. INDUSTRIAS RURALES
520 ## - RESUMEN, ETC.
Sumario, etc. ESTE MANUAL ABARCA EN FORMA SENCILLA, LOS ASPECTOS BASICOS DE LA ENSEÑANZA PRACTICA Y TECNICA DE LAS ESCUELAS AGROPECUARIAS, ASI COMO DE LA EXTENSION Y CAPACITACION RURALES.CONTIENE:-MATERIAS PRIMA: CARNE, GRASA, VISCERAS Y DESPOJOS, TRIPAS ARTIFICIAL
650 ## - PUNTO DE ACCESO ADICIONAL DE MATERIA--TÉRMINO DE MATERIA
Término de materia o nombre geográfico como elemento de entrada CONSERVACION DE ALIMENTOS
650 ## - PUNTO DE ACCESO ADICIONAL DE MATERIA--TÉRMINO DE MATERIA
Término de materia o nombre geográfico como elemento de entrada EMBUTIDOS
650 ## - PUNTO DE ACCESO ADICIONAL DE MATERIA--TÉRMINO DE MATERIA
Término de materia o nombre geográfico como elemento de entrada PRODUCTOS DE LA CARNE
650 ## - PUNTO DE ACCESO ADICIONAL DE MATERIA--TÉRMINO DE MATERIA
Término de materia o nombre geográfico como elemento de entrada PRODUCTOS DE ORIGEN ANIMAL
942 ## - ELEMENTOS DE ENTRADA SECUNDARIOS (KOHA)
Tipo de ítem Koha Libros
Existencias
Estatus retirado Estado de pérdida Estado de daño No para préstamo Biblioteca de origen Biblioteca actual Fecha de adquisición Coste, precio normal de compra Total de préstamos Código de barras Copia número Tipo de ítem Koha Fuente de la clasificación o esquema de estantería Etiqueta RFID Signatura topográfica completa Nota pública
        CENTRO DE INFORMACIÓN BIBLIOTECARIA CENTRO DE INFORMACIÓN BIBLIOTECARIA 27/08/2004 5.00   33970 2 Libros        
        FACULTAD DE INGENIERIA MECANICA Y CIENCIAS DE LA PRODUCCION CENTRO DE INFORMACIÓN BIBLIOTECARIA 12/02/2004 9.00   50109 4 Libros Clasificación Decimal Dewey 0000000000000000038202 631 DIR ESPOL. CIB
        CENTRO DE INFORMACIÓN BIBLIOTECARIA CENTRO DE INFORMACIÓN BIBLIOTECARIA 14/09/2004 14.00   33969 1 Libros        
        FACULTAD DE INGENIERIA MECANICA Y CIENCIAS DE LA PRODUCCION FACULTAD DE INGENIERIA MECANICA Y CIENCIAS DE LA PRODUCCION 16/09/2004 9.00   50110 5          

Copyright 2025 ESPOL. Todos los derechos reservados.